Verdadera relación de la conquista del Perú /

Detalles Bibliográficos
Autor principal: Xerez, Francisco de
Formato: Libro
Lenguaje:inglés
Publicado: Madrid, España Historia 16 1985
Colección:Crónicas de América 14
Materias:
Acceso en línea:

MARC

LEADER 00000cam a2200000 a 4500
001 024095
003 UAHC_CL
005 20170803122331.0
008 010822b xx j 000 1 eng
020 |a 8485229738 
040 |a UAHC_CL  |c UAHC_CL  |d UAHC_CL 
100 1 |a Xerez, Francisco de 
245 1 0 |a Verdadera relación de la conquista del Perú /  |c Francisco de Xerez. 
260 |b Historia 16  |c 1985  |a Madrid, España 
300 |a 206 p. 
490 0 |a Crónicas de América  |v 14 
650 4 |a CONQUISTA 
650 4 |a PERU  |x HISTORIA 
900 |a 985.02 XER 
942 |c BK 
952 |0 0  |1 0  |4 0  |6 985_020000000000000_XER  |7 0  |8 General  |9 48351  |a BC  |b BC  |c General  |d 2017-08-03  |l 0  |o 985.02 XER  |p 1310303  |r 2026-01-13 00:00:00  |t 1  |w 2017-08-03  |y BK 
999 |c 24095  |d 24095